| 000 | 00000nam##2200000za#4500 |
| 001 | 9.625440 |
| 003 | CaOODSP |
| 005 | 20200421163401 |
| 007 | ta |
| 008 | 150406|2000||||xxc||||| f|0| 0 fre|d |
| 020 | |a0-662-85640-6 |
| 040 | |aCaOODSP|bfre |
| 043 | |an-cn--- |
| 086 | 1 |aNH18-23/50-2F |
| 110 | 2 |aSociété canadienne d'hypothèques et de logement. |
| 245 | 10|aÉmissions de gaz à effet de serre du transport urbain : |binstrument d'évaluation de la durabilité des quartiers |
| 260 | |aOttawa - Ontario : |bSociété canadienne d'hypothèques et de logement |c2000. |
| 300 | |a4p. ; |c28 cm. |
| 490 | 1 |aLe point en recherche. Série socio-économique|v50-2 |
| 563 | |aDépliant |
| 590 | |a00-42|b2000-10-20 |
| 691 | 07|aPollution atmosphérique|2gcpds |
| 691 | 07|aCarburant|2gcpds |
| 691 | 07|aTransport urbain|2gcpds |
| 775 | 08|tGreenhouse gas emissions from urban travel : |w(CaOODSP)9.615340 |
| 776 | 0#|tÉmissions de gaz à effet de serre du transport urbain : |w(CaOODSP)9.602146 |
| 830 | #0|aLe point en recherche. Série socio-économique ;|v50-2|w(CaOODSP)9.513180 |
| 986 | |aLNH 2267 |